Online Catalogue and eLibrary

Socialisation education and women : (Record no. 2973)

MARC details
000 -LEADER
fixed length control field 00470nam a2200181Ia 4500
005 - DATE AND TIME OF LATEST TRANSACTION
control field 20240605043914.0
008 - FIXED-LENGTH DATA ELEMENTS--GENERAL INFORMATION
fixed length control field 240331s9999 xx 000 0 und d
020 ## - INTERNATIONAL STANDARD BOOK NUMBER
ISBN 0861318293
082 ## - DDC Classification
Item Number - Author Mark SOC
Class No. 376
245 #0 - TITLE STATEMENT
Title Socialisation education and women :
Remainder of title explorations in gender identity
260 ## - PUBLICATION, DISTRIBUTION, ETC.
Place of publication, distribution, etc. London
Name of publisher, distributor, etc. Sangam Books Limited
Date of publication, distribution, etc. 1988
300 ## - PHYSICAL DESCRIPTION
Extent (e.g. Volumes, Pages etc.) 320 p.,
650 ## - SUBJECT ADDED ENTRY--TOPICAL TERM
Topical term or geographic name entry element Women
650 ## - SUBJECT ADDED ENTRY--TOPICAL TERM
Topical term or geographic name entry element Sociology
650 ## - SUBJECT ADDED ENTRY--TOPICAL TERM
Topical term or geographic name entry element Education
700 ## - ADDED ENTRY--PERSONAL NAME
Personal name Chanana, K. ed
942 ## - Koha item type (Biblio)
Koha item type Books in Stacks (Lending)
Holdings
Lost status Damaged status Collection code Home library Current library Shelving location Date acquired Full call number Accession Number Item type
    Lending WERC Library WERC Library Social Science Cupboard 03/31/2024 376 SOC 2035 Books in Stacks (Lending)

© WERC Library